=LDR 00000nam 2200000 4500 =001 INLIS000000000046102 =005 20160227114920.0 =006 =007 =008 =020 ##$$a 978-979-788-312-6 =035 ##$$0010-021500000000663 =040 ##$$a NBPDMAT =082 ##$$a 372.707 6 =090 ##$$a 372.707 6 $b Sup s =100 ##$$a Tim CMS =245 ##$$a Super Sakti SD Kelas 4, 5 dan 6 $c Penyusun Tim CMS; Editor, Adi Setiawan S.Si, Aufitriyana S.Si. =250 ##$$a Cet.2 =260 ##$$a Jakarta $b Cerdas Interaktif $c 2012 =300 ##$$a iv, 248 hlm. : $b ilus. ; $c 23 cm. =650 ##$$a Matematika SD - Soal, dsb =700 ##$$a 1. Adi Setiawan, 2. Aufitriyana =850 ##$$a NBPDMAT =990 ##$$a 5278752787 =990 ##$$a 21423910 =990 ##$$a 21423907 =990 ##$$a 21423908 =990 ##$$a 21423909 =990 ##$$a 21423911 =990 ##$$a 1202001534